000
00243nam a2200097Ia 4500
008
120527s9999 xx 000 0 und d
100
_a
STARKEY, Paul
245
_a
Harnessing and implements for Animal tradition
260
_b
Vieweg
942
_c
BK
999
_c
25106
_d
25106